| 000 | 00995nam a2200205 i 4500 | ||
|---|---|---|---|
| 001 | 53521 | ||
| 003 | ES-MaACL | ||
| 005 | 20230906162801.0 | ||
| 007 | t| | ||
| 008 | 951002s1869 sp |||| | spa d | ||
| 110 | 1 |
_aEspaña. _bMinisterio de Ultramar. _93937 |
|
| 245 | 1 | 0 |
_aExtracto de las contestaciones dadas al interrogatorio sobre las bases en que deban fundarse las leyes especiales que al cumplir el artículo 80 de la Constitución de la Monarquía Española deben presentarse a las Cortes para el gobierno de las provincias de Cuba y de Puerto-Rico / _cJunta informativa de Ultramar. |
| 260 |
_aMadrid : _b[s.n.], _c1869 ( _fImp. de la Biblioteca Universal Económica) |
||
| 300 |
_a535, [1] p. ; _c30 cm. |
||
| 530 | _aDisponible en formato digital. | ||
| 650 | 4 |
_aDerecho colonial- _zCuba. _9169393 |
|
| 650 | 4 |
_aDerecho colonial- _zPuerto Rico. _9141891 |
|
| 852 |
_aES-MaACL _jG-1669 |
||
| 856 |
_uhttp://bdh-rd.bne.es/viewer.vm?id=0000129324&page=1 _zBiblioteca Digital Hispánica |
||
| 999 |
_c53521 _d53521 |
||